Infinite divisibility of probability distributions on the real line

Uloženo v:
Podrobná bibliografie
Hlavní autoři: Steutel, Fred W (Autor), Harn, Klaas van (Autor)
Médium: Kniha
Jazyk:angličtina
Vydáno: Nueva York Marcel Dekker 2004
Edice:Pure and Applied Mathematics, 259
Témata:
Tagy: Přidat tag
Žádné tagy, Buďte první, kdo vytvoří štítek k tomuto záznamu!

MARC

LEADER 00000cam a2200000 a 4500
001 UCF9251
003 CL-VaPUC
008 131111e20040000us |||||||||||||||||eng|d
020 |a 0824707249 
082 0 4 |a 519.24  |b STE  |2 21 
100 0 |a Steutel, Fred W  |e author  |9 571516 
700 0 |a Harn, Klaas van  |e author  |9 571517 
245 1 0 |a Infinite divisibility of probability distributions on the real line 
300 |a 546 p 
942 |c BK 
945 |d 20131111 15:03:00  |a cmena 
260 |a Nueva York  |b Marcel Dekker  |c 2004 
650 7 |a TEORIA DE LA DISTRIBUCION  |2 CL-VaPUC  |9 430112 
650 0 |a Teoría de probabilidades   |9 336944 
650 0 |a Estadística matemática  |9 260028 
583 |a last modification  |c 20131111 15:03:00  |k Rodrigo Vera 
490 0 |a Pure and Applied Mathematics, 259 
999 |c 353724  |d 353722 
952 |0 0  |1 0  |3 erd  |4 0  |6 519_240000000000000_STE_2004  |7 0  |8 A  |9 459086  |a BIBMAT  |b BIBMAT  |d 2019-11-23  |i 5026083  |o 519.24 STE 2004  |p 5026083  |r 2025-01-07  |w 2019-11-23  |y BK  |z Catalogado en:20131111  |k MAT